000 00709nam a2200289Ia 4500
005 20260324113940.0
008 008 260324s9999 xx 000 0 eng d
020 _a9781003324577
037 _aEBOOK
040 _aCRL
040 _beng
040 _cCRL
041 _2eng
041 _aeng
084 _qCRL
100 _aThomas Keil; Marianna Zangrillo
_91148818
245 4 _aThe Next Leadership Team
245 0 _bHow to Select, Build, and Optimize Your Top Team
260 _bTaylor and Francis
260 _c2023
365 _a
365 _b220
856 _uhttp://www.taylorfrancis.com/books/9781003324577
942 _cEBOOK
999 _c1738741
_d1738741